| 000 | 01110nam a22002057a 4500 | ||
|---|---|---|---|
| 999 |
_c63544 _d63544 |
||
| 003 | Ge_BSU | ||
| 005 | 20251030203808.0 | ||
| 008 | 251027s1964 ge ||||| |||| 00| 0 geo d | ||
| 041 | _ageo | ||
| 080 | _a330 ჭ-23 | ||
| 100 |
_aჭანუყვაძე, გ. _926110 |
||
| 245 |
_aვულგარული ბურჟუაზიული პოლიტიკური ეკონომიის კრიტიკა. ნაწ. 3: _bდასავლეთგერმანული ნეოლიბერალიზმის კრიტიკა / _cგ. ჭანუყვაძე. |
||
| 264 |
_aთბილისი : _b საბჭ. საქართველო, _c1964. |
||
| 300 |
_a593 გვ.; _b23 სმ. |
||
| 504 | _a ბიბლიოგრაფია გვ. 511-587. | ||
| 520 | _aრეზუმე რუს. ენ. და გერმ. ენ. | ||
| 653 | _aვულგარული პოლიტიკური ეკონომია | ||
| 653 | _aნეოლიბერალიზმი გერმანიაში | ||
| 942 |
_2udc _cᲬᲘᲒᲜᲘ |
||